Statistics for Countries that want to join NATO

Click here to take the quiz!

General Stats

  • This quiz has been taken 121 times
  • The average score is 4 of 5

Answer Stats

Answer% Correct
Ukraine
94%
Bosnia and Herzegovina
83%
Georgia
73%
Kosovo
69%
Macedonia
57%

Score Distribution

Percentile by Number Answered

Percent of People with Each Score

Your Score History

You have not taken this quiz